<?xml version="1.0" encoding="UTF-8"?>
<record
    xmlns:xsi="http://www.w3.org/2001/XMLSchema-instance"
    xsi:schemaLocation="http://www.loc.gov/MARC21/slim http://www.loc.gov/standards/marcxml/schema/MARC21slim.xsd"
    xmlns="http://www.loc.gov/MARC21/slim">

  <leader>00902nam a2200229 a 4500</leader>
  <datafield tag="999" ind1=" " ind2=" ">
    <subfield code="c">8007</subfield>
    <subfield code="d">8007</subfield>
  </datafield>
  <controlfield tag="001">991025176179706706</controlfield>
  <controlfield tag="003">OSt</controlfield>
  <controlfield tag="005">20241219182131.0</controlfield>
  <controlfield tag="008">070502s2006    sp o          000 0 cat c</controlfield>
  <datafield tag="017" ind1=" " ind2=" ">
    <subfield code="a">B-17980-2006</subfield>
  </datafield>
  <datafield tag="020" ind1=" " ind2=" ">
    <subfield code="a">8461101642</subfield>
  </datafield>
  <datafield tag="035" ind1=" " ind2=" ">
    <subfield code="a">(ES-BaCBU).b46577737</subfield>
  </datafield>
  <datafield tag="040" ind1=" " ind2=" ">
    <subfield code="a">ES-BaCBU</subfield>
    <subfield code="b">cat</subfield>
    <subfield code="c">CDMR</subfield>
  </datafield>
  <datafield tag="245" ind1="0" ind2="3">
    <subfield code="a">El Pols dels dies</subfield>
    <subfield code="b">: 125 anys de La Vanguardia /</subfield>
    <subfield code="c">[textos: M&#xE0;rius Carol, Carles Salmurri, Xavier Antich ... et al.]</subfield>
  </datafield>
  <datafield tag="260" ind1=" " ind2=" ">
    <subfield code="a">Barcelona :</subfield>
    <subfield code="b">La Vanguardia :</subfield>
    <subfield code="b">Centre de Cultura Contempor&#xE0;nia de Barcelona,</subfield>
    <subfield code="c">DL 2006</subfield>
  </datafield>
  <datafield tag="300" ind1=" " ind2=" ">
    <subfield code="a">171 p. :</subfield>
    <subfield code="b">il. ;</subfield>
    <subfield code="c">24 cm</subfield>
  </datafield>
  <datafield tag="500" ind1=" " ind2=" ">
    <subfield code="a">Cat&#xE0;leg de l'exposici&#xF3; celebrada al Centre de Cultura Contempor&#xE0;nia de Barcelona del 20 d'abril al 5 de juny de 2006</subfield>
  </datafield>
  <datafield tag="610" ind1="2" ind2="0">
    <subfield code="a">La Vanguardia (Diari)</subfield>
    <subfield code="9">1150</subfield>
    <subfield code="x">Hist&#xF2;ria</subfield>
  </datafield>
  <datafield tag="907" ind1=" " ind2=" ">
    <subfield code="a">.b46577737</subfield>
    <subfield code="b">22-01-21</subfield>
    <subfield code="c">16-12-10</subfield>
    <subfield code="d">16-12-10</subfield>
    <subfield code="e">m</subfield>
    <subfield code="f">a</subfield>
    <subfield code="g">-</subfield>
    <subfield code="h">cat</subfield>
    <subfield code="i">sp</subfield>
    <subfield code="j">3</subfield>
    <subfield code="k">1</subfield>
  </datafield>
  <datafield tag="908" ind1=" " ind2=" ">
    <subfield code="a">URL</subfield>
  </datafield>
  <datafield tag="942" ind1=" " ind2=" ">
    <subfield code="2">udc</subfield>
    <subfield code="c">MON</subfield>
  </datafield>
  <datafield tag="952" ind1=" " ind2=" ">
    <subfield code="0">0</subfield>
    <subfield code="1">0</subfield>
    <subfield code="4">0</subfield>
    <subfield code="7">0</subfield>
    <subfield code="a">CDMR</subfield>
    <subfield code="b">CDMR</subfield>
    <subfield code="d">2013-01-16</subfield>
    <subfield code="l">0</subfield>
    <subfield code="o">Du 9/66</subfield>
    <subfield code="p">CDMR13056311</subfield>
    <subfield code="r">2013-05-03</subfield>
    <subfield code="w">2013-05-03</subfield>
    <subfield code="y">MON</subfield>
  </datafield>
</record>
